ՀՀ Գիտությունների ազգային ակադեմիայի հիմնարար գիտական գրադարան  =   Fundamental Scientific Library of NAS RA

Հրաւիրակ Արարատեան / (Record no. 224206)

MARC details
000 -LEADER
fixed length control field 01553nam a2200205 a 4500
003 - CONTROL NUMBER IDENTIFIER
control field AM-YeHGA
005 - DATE AND TIME OF LATEST TRANSACTION
control field 20250618073323.0
008 - FIXED-LENGTH DATA ELEMENTS--GENERAL INFORMATION
fixed length control field 080220s1850 tu ||||gr|||||||||0|arm|d
040 ## - CATALOGING SOURCE
Original cataloging agency AM-YeHGA
041 0# - LANGUAGE CODE
Language code of text/sound track or separate title arm
090 ## - LOCALLY ASSIGNED LC-TYPE CALL NUMBER (OCLC); LOCAL CALL NUMBER (RLIN)
-- 225744
100 1# - MAIN ENTRY--PERSONAL NAME
Personal name Խրիմյան, Հայրիկ,
Titles and words associated with a name Ամենայն Հայոց Կաթողիկոս,
Dates associated with a name 1820-1907
9 (RLIN) 3503
245 10 - TITLE STATEMENT
Title Հրաւիրակ Արարատեան /
Statement of responsibility, etc. Յօրինեալ ի չափս հայկականս ի Մկրտչէ Խրիմեան Վանեցւոյ.
260 ## - PUBLICATION, DISTRIBUTION, ETC.
Place of publication, distribution, etc. Կոստանդնուպօլիս :
Name of publisher, distributor, etc. Տպ. Յովհաննու Միւհէնտիսեան,
Date of publication, distribution, etc. 1850.
300 ## - PHYSICAL DESCRIPTION
Extent 96 էջ ;
Dimensions 25 սմ.
500 ## - GENERAL NOTE
General note Շարվածքը՝ 11,5x19 սմ. Յօրինեալ ի չափս հայկականս ի Մկրտչէ Խրըմեան Վանեցւոյ ի խնդրոյ եւ յարդեանց Մեծարու Յովհաննէս Աղայի Կարապետեան Այվատեանց։ Ի Հայրապետութեան Տ. Տ. Ներսիսի Աստուածընտիր եւ Սրբազան կաթուղիկոսի Ամենայն Հայոց եւ ի Պատրիարքութեան Սրբոյ Երուսաղէմի Տ. Յովհաննու Առաքելաշնորհ Արքեպիսկոպոսի։ Հրամանաւ Տ. Յակոբայ Արժանընտիր Արքեպիսկոպոսի եւ Ազգասէր Պատրիարքի Կոստանդնուպօլսոյ։
650 14 - SUBJECT ADDED ENTRY--TOPICAL TERM
Topical term or geographic name entry element Հայ գրականություն
856 41 - ELECTRONIC LOCATION AND ACCESS
Uniform Resource Identifier <a href="http://greenstone.flib.sci.am/gsdl/collect/armbook/books/hrairak_araratean.pdf">http://greenstone.flib.sci.am/gsdl/collect/armbook/books/hrairak_araratean.pdf</a>
Link text Կարդալ առցանց
942 ## - ADDED ENTRY ELEMENTS (KOHA)
Source of classification or shelving scheme Universal Decimal Classification
Koha item type Գրքեր / Books
Holdings
Withdrawn status Lost status Source of classification or shelving scheme Damaged status Not for loan Collection Home library Current library Date acquired Total checkouts Full call number Barcode Date last seen Price effective from Koha item type Public note
    Universal Decimal Classification     Levonyan Individual Collection Fundamental Scientific Library Fundamental Scientific Library 28/12/2016   Լեվ/1549 FL0406030 28/12/2016 28/12/2016 Գրքեր / Books ILL Non-Circ.
    Universal Decimal Classification     Rare Books Collection Fundamental Scientific Library Fundamental Scientific Library 28/12/2016   A/780 FL0032495 28/12/2016 28/12/2016 Գրքեր / Books ILL Non-Circ.
    Universal Decimal Classification     Rare Books Collection Fundamental Scientific Library Fundamental Scientific Library 28/12/2016   A/906 FL0032457 28/12/2016 28/12/2016 Գրքեր / Books ILL Non-Circ.


ՀՀ ԳԱԱ հիմնարար գիտական գրադարան
ՀՀ,Երևան 0019
Մարշալ Բաղրամյան 24/6
հեռախոս:(374-10) 52-47-50
Հետադարձ կապ

All site content, except where otherwise noted, is licensed under a
Creative Commons License